Hacia una transformación institucional en la educación técnica y la formación profesional : (Registro nro. 358)
[ vista simple ]
| 000 -LEADER | |
|---|---|
| fixed length control field | 01964nam a2200301Ia 4500 |
| 003 - CONTROL NUMBER IDENTIFIER | |
| control field | PE SENCICO BE |
| 005 - DATE AND TIME OF LATEST TRANSACTION | |
| control field | 20251020182435.0 |
| 008 - FIXED-LENGTH DATA ELEMENTS--GENERAL INFORMATION | |
| fixed length control field | 200515s9999 xx 000 0 und d |
| 020 ## - INTERNATIONAL STANDARD BOOK NUMBER | |
| International Standard Book Number | 92-9088-048-X |
| 040 ## - CATALOGING SOURCE | |
| Original cataloging agency | PE SENCICO BE |
| Transcribing agency | PE SENCICO BE |
| 041 ## - LANGUAGE CODE | |
| Language code of text/sound track or separate title | spa |
| 082 ## - DEWEY DECIMAL CLASSIFICATION NUMBER | |
| Classification number | 378.1 |
| Item number | G18 |
| 100 1# - MAIN ENTRY--PERSONAL NAME | |
| Personal name | Galeano Ramírez, Alberto |
| 9 (RLIN) | 2979 |
| Relator term | autor |
| 245 10 - TITLE STATEMENT | |
| Title | Hacia una transformación institucional en la educación técnica y la formación profesional : |
| Remainder of title | políticas, estrategias, métodos para la acción / |
| Statement of responsibility, etc. | Alberto Galeano Ramirez |
| 250 ## - EDITION STATEMENT | |
| Edition statement | 1a ed. |
| 260 ## - PUBLICATION, DISTRIBUTION, ETC. | |
| Place of publication, distribution, etc. | Montevideo : |
| Name of publisher, distributor, etc. | Cinterfor ; |
| -- | OIT ; |
| Date of publication, distribution, etc. | 1994 |
| 300 ## - PHYSICAL DESCRIPTION | |
| Extent | 138 páginas : |
| Other physical details | tablas, gráficos ; |
| Dimensions | 23 cm. |
| 490 ## - SERIES STATEMENT | |
| Series statement | Estudios y monografías ; |
| Volume/sequential designation | Nº 78 |
| 505 0# - FORMATTED CONTENTS NOTE | |
| Formatted contents note | Si no sabes para donde vas, es posible que termines en otro lugar -- El imperioso cambio organizacional en el mundo de hoy -- La transformación institucional y sus instrumentos metodológicos -- Transformación institucional y apertura al mercado laboral -- Transformación institucional y modernización técnico-pedagógica -- Transformación institucional y nuevos sistemas de gestión y desempeño organizacional -- Plan de acción para impulsar la transformación institucional de la educación técnico-profesional |
| 520 3# - SUMMARY, ETC. | |
| Summary, etc. | Lineamientos para una indispensable transformación institucional de la educación técnico-profesional. La precede una profunda reflexión sobre los cambios que vive la sociedad actual y la imperiosa mutación de las organizaciones que nos rigen. Analiza los instrumentos metodológicos para esa transformación, plantea la apertura al mercado laboral de las instituciones técnico profesional como un mandato permanente. |
| 650 10 - SUBJECT ADDED ENTRY--TOPICAL TERM | |
| Topical term or geographic name entry element | Formación profesional |
| 9 (RLIN) | 1311 |
| 650 20 - SUBJECT ADDED ENTRY--TOPICAL TERM | |
| Topical term or geographic name entry element | Educación técnica |
| 9 (RLIN) | 2705 |
| 650 20 - SUBJECT ADDED ENTRY--TOPICAL TERM | |
| Topical term or geographic name entry element | Gestión educacional |
| 9 (RLIN) | 2436 |
| 650 20 - SUBJECT ADDED ENTRY--TOPICAL TERM | |
| Topical term or geographic name entry element | Cambio organizacional |
| 9 (RLIN) | 2330 |
| 650 20 - SUBJECT ADDED ENTRY--TOPICAL TERM | |
| Topical term or geographic name entry element | PUB CINTERFOR |
| 9 (RLIN) | 2462 |
| 650 20 - SUBJECT ADDED ENTRY--TOPICAL TERM | |
| Topical term or geographic name entry element | PUB OIT |
| 9 (RLIN) | 2507 |
| 942 ## - ADDED ENTRY ELEMENTS (KOHA) | |
| Koha item type | Libros |
| Source of classification or shelving scheme | Dewey Decimal Classification |
| Fecha de la última vez que lo usaron | Número de ingreso o de inventario | Pago total | Signatura topográfica completa | Código de barras | Precio efectivo desde | Tipo de documento | Estado perdido | Sistema de clasificación | Estado dañado | No es para préstamo | Retirado | Ubicación permanente | Ubicación actual | Fecha de adquisición | Número de ejemplar |
|---|---|---|---|---|---|---|---|---|---|---|---|---|---|---|---|
| 15/05/2020 | 4648 | 378.1/G18 | BibLima25030009 | 15/05/2020 | Libros | Dewey Decimal Classification | Biblioteca Central Lima | Biblioteca Central Lima | 15/05/2020 | ||||||
| 15/05/2020 | 7507 | 378.1/G18/ej. 2 | BibLima25030010 | 15/05/2020 | Libros | Dewey Decimal Classification | Biblioteca Central Lima | Biblioteca Central Lima | 15/05/2020 | 2 |